Study on cannin pavovirus of dog at agrovet clinic phnom penh, ការសិក្សាលើជំងឺរាកឈាមសុនខនៅគ្លីនិក AGROVET ភ្នំពេញ (Record no. 8784)

000 -LEADER
fixed length control field 00590nam a22001577a 4500
003 - CONTROL NUMBER IDENTIFIER
control field OSt
005 - DATE AND TIME OF LATEST TRANSACTION
control field 20160815140554.0
008 - FIXED-LENGTH DATA ELEMENTS--GENERAL INFORMATION
fixed length control field 160815b xxu||||| |||| 00| 0 eng d
040 ## - CATALOGING SOURCE
Transcribing agency RUA
082 ## - DEWEY DECIMAL CLASSIFICATION NUMBER
Classification number AVM LOU 2015 B507 Or.1
100 ## - MAIN ENTRY--PERSONAL NAME
9 (RLIN) 9105
Personal name LOUGH MONICH, ឡូញ មោនិច្ច
245 ## - TITLE STATEMENT
Title Study on cannin pavovirus of dog at agrovet clinic phnom penh, ការសិក្សាលើជំងឺរាកឈាមសុនខនៅគ្លីនិក AGROVET ភ្នំពេញ
260 ## - PUBLICATION, DISTRIBUTION, ETC. (IMPRINT)
Place of publication, distribution, etc. Phnom Penh
Name of publisher, distributor, etc. RUA
Date of publication, distribution, etc. 2015
300 ## - PHYSICAL DESCRIPTION
Extent x; 44p.
Other physical details ill.
Dimensions 29cm.
942 ## - ADDED ENTRY ELEMENTS (KOHA)
Source of classification or shelving scheme
Koha item type AVM
Holdings
Price effective from Date last seen Permanent Location Not for loan Date acquired Source of classification or shelving scheme Koha item type Lost status Withdrawn status Total Renewals Date last checked out Total Checkouts Shelving location Damaged status Barcode Current Location Full call number
2016-08-152025-08-19Library Block B 2016-08-15 AVM   2024-11-272B507 RUA060477Library Block BAVM LOU 2015 B507 Or.1
2016-08-152022-02-04Library Block B 2016-08-15 AVM   2022-01-247B507 RUA062299Library Block BAVM LOU 2015 B507 Or.2
2016-08-152019-10-22Library Block B 2016-08-15 AVM   2019-10-091B507 RUA062552Library Block BAVM LOU 2015 B507 Or.3
2016-08-152021-11-05Library Block B 2016-08-15 AVM   2021-07-306B507 RUA061883Library Block BAVM LOU 2015 B507 Or.4
2016-08-152023-09-15Library Block B 2016-08-15 AVM  12023-08-235B507 RUA060725Library Block BAVM LOU 2015 B507 Or.5
2016-08-152016-08-15Library Block B 2016-08-15 AVM     B507 RUA060601Library Block BAVM LOU 2015 B507 Or.6
2016-08-152016-08-15Library Block B 2016-08-15 AVM     B507 RUA061839Library Block BAVM LOU 2015 B507 Or.7
2016-08-152018-08-10Library Block B 2016-08-15 AVM   2018-08-012B507 RUA061639Library Block BAVM LOU 2015 B507 Or.8
2021-11-122023-08-07Library Block B 2021-11-12 AVM   2023-07-191B692 A066935Library Block BAVM LOU 2015 B692 Or.1
2021-11-152024-01-25Library Block B 2021-11-15 AVM   2022-10-256B692 A066783Library Block BAVM LOU 2015 B692 Or.1
មជ្ឈមណ្ឌលឯការនៃសាកលវិទ្យាល័យភូមិន្ទកសិកម្មចំការដូង

Powered by Koha